000 00695nam a2200265Ia 4500
003 OSt
005 20221006145837.0
006 a|||||r|||| 00| 0
007 ta
008 221006b |||||||| |||| 00| 0 jpn d
020 _c¥1700
024 _a16,102
037 _bGift, Japan Foundation
_cTextual
040 _aEASL
_cEASL
_bjpn
041 _2jpn
_ajpn
082 _aw42,N, L9
100 _aOKA Yoshitae
_9655379
245 0 _aKindai nihon no seijika
260 _aTokyo
_bIwanami shoten Japan
_c1979
300 _a294p.
_ccm.
490 _v JL
650 _aJL
942 _hw42,N, L9
_cTEXL
_2CC
999 _c1084188
_d1084188